[Event "Quenza op 12th"]
[Site "Quenza"]
[Date "2023.07.23"]
[Round "1"]
[White "Van Wely, Loek"]
[Black "Tomasi, Josephine"]
[Result "1-0"]
[WhiteElo "2644"]
[BlackElo "1130"]
[PlyCount "55"]
[EventDate "2023.07.23"]
[EventType "swiss"]
[EventRounds "9"]
[EventCountry "FRA"]
[SourceTitle "CBM 215 Extra"]
[Source "ChessBase"]
[SourceDate "2023.09.30"]
[SourceVersion "1"]
[SourceVersionDate "2023.09.30"]
[SourceQuality "1"]

1. d4 d5 2. c4 e5 3. dxe5 Nc6 4. cxd5 Nxe5 5. Nc3 Nf6 6. f4 Ned7 7. e4 c6 8. d6 Nc5 9. e5 Nfe4 10. Nf3 f6 11. Nxe4 Nxe4 12. Qd4 Bf5 13. g4 Qa5+ 14. b4 Qd5 15. Qxd5 cxd5 16. gxf5 Bxd6 17. exd6 Nxd6 18. Nd4 0-0 19. Bg2 Rfe8+ 20. Kf2 Ne4+ 21. Bxe4 Rxe4 22. Be3 Rc8 23. Rac1 Rc4 24. Rxc4 dxc4 25. Rc1 b5 26. Nxb5 c3 27. a3 Rc4 28. Rxc3 1-0